000 01213nam a2200313Ia 4500
001 ebr10375830
003 CaPaEBR
006 m u
007 cr cn|||||||||
008 090806s2010 mau s 001 0 eng d
020 _z9780786447060
020 _z9780786456666
040 _aCaPaEBR
_cCaPaEBR
035 _a(OCoLC)647900795
050 1 4 _aPN1621
_b.T49 2010eb
245 0 0 _aText and presentation.
_n2009
_h[electronic resource] /
_cedited Kiki Gounaridou.
260 _aBoston, MA :
_bMcFarland & Company, Inc.,
_cc2010.
300 _aix, 204 p.
490 1 _aThe comparative drama conference series ;
_v6
500 _aIncludes index.
533 _aElectronic reproduction.
_bPalo Alto, Calif. :
_cebrary,
_d2013.
_nAvailable via World Wide Web.
_nAccess may be limited to ebrary affiliated libraries.
650 0 _aDrama
_xHistory and criticism.
650 0 _aLiterature
_xHistory and criticism.
655 7 _aElectronic books.
_2local
700 1 _aGounaridou, Kiki.
710 2 _aebrary, Inc.
830 0 _aComparative drama conference series ;
_v6.
856 4 0 _uhttp://site.ebrary.com/lib/rucke/Doc?id=10375830
_zAn electronic book accessible through the World Wide Web; click to view
999 _c96659
_d96659